| 000 | 00659nam a22002297a 4500 | ||
|---|---|---|---|
| 999 |
_c8184 _d8184 |
||
| 003 | AR-CdUCM | ||
| 008 | 190322b ||||| |||| 00| 0 spa d | ||
| 040 |
_aMUNICIPALIDAD PROVINCIAL DEL CUSCO _cBIBLIOTECA MUNICIPAL DEL CUSCO |
||
| 041 | _heng | ||
| 082 |
_a818.53 / _bB87 |
||
| 100 |
_aBuck, Pearl S. _9446 |
||
| 245 | _aLa buena tierra / | ||
| 260 |
_aMéxico D. F. : _bDiana, _c1958. |
||
| 300 |
_a309 páginas ; _c19 cm. |
||
| 505 | _aContenido: Novela. | ||
| 650 |
_aLiteratura _983 |
||
| 650 |
_aNovela de costumbres _910717 |
||
| 650 |
_aSiglo XX _98 |
||
| 700 |
_aMulder, Elisabeth (traducción) _923074 |
||
| 942 |
_2ddc _cLIBROS |
||
| 945 | _aachl | ||